<?xml version="1.0" encoding="UTF-8"?>
<record
    xmlns:xsi="http://www.w3.org/2001/XMLSchema-instance"
    xsi:schemaLocation="http://www.loc.gov/MARC21/slim http://www.loc.gov/standards/marcxml/schema/MARC21slim.xsd"
    xmlns="http://www.loc.gov/MARC21/slim">

  <leader>01311nam a22001577a 4500</leader>
  <datafield tag="999" ind1=" " ind2=" ">
    <subfield code="c">518697</subfield>
    <subfield code="d">518697</subfield>
  </datafield>
  <controlfield tag="008">211027b           ||||| |||| 00| 0 eng d</controlfield>
  <datafield tag="100" ind1=" " ind2=" ">
    <subfield code="a">Guha, Abhijit </subfield>
    <subfield code="9">29802</subfield>
  </datafield>
  <datafield tag="245" ind1=" " ind2=" ">
    <subfield code="a">Nation building on the margins: How the anthropologists of India contributed?</subfield>
  </datafield>
  <datafield tag="260" ind1=" " ind2=" ">
    <subfield code="a">Sociological Bulletin </subfield>
  </datafield>
  <datafield tag="300" ind1=" " ind2=" ">
    <subfield code="a">70(1), Jan, 2021: p.59-75</subfield>
  </datafield>
  <datafield tag="520" ind1=" " ind2=" ">
    <subfield code="a">The contributions of the anthropologists towards nation building in the early years after independence of India is still an unexplored research agenda in the social sciences in general and anthropology and sociology in particular. Under this background, an exploration is made in this study to search the contributions of anthropologists towards nation building and it revealed that there were at least five pioneering researches which dealt with the three major challenges confronted by the planners in newly independent India, and the challenges before the nation were famine, resettlement of refugees and industrialisation and big dam building. Apart from methodology, all the five studies have immense contemporary policy relevance. &#x2013; Reproduced </subfield>
  </datafield>
  <datafield tag="650" ind1=" " ind2=" ">
    <subfield code="a">Nation building, Resettlement, Refugees, Famine, History of anthropology, Development caused displacement</subfield>
    <subfield code="9">28201</subfield>
  </datafield>
  <datafield tag="773" ind1=" " ind2=" ">
    <subfield code="a">Sociological Bulletin </subfield>
  </datafield>
  <datafield tag="906" ind1=" " ind2=" ">
    <subfield code="a">NATION BUILDING</subfield>
  </datafield>
  <datafield tag="942" ind1=" " ind2=" ">
    <subfield code="c">AR</subfield>
  </datafield>
  <datafield tag="952" ind1=" " ind2=" ">
    <subfield code="0">0</subfield>
    <subfield code="1">0</subfield>
    <subfield code="2">ddc</subfield>
    <subfield code="4">0</subfield>
    <subfield code="7">0</subfield>
    <subfield code="9">392765</subfield>
    <subfield code="a">IIPA</subfield>
    <subfield code="b">IIPA</subfield>
    <subfield code="d">2021-10-27</subfield>
    <subfield code="h">70(1), Jan, 2021: p.59-75</subfield>
    <subfield code="p">AR125795</subfield>
    <subfield code="r">2021-10-27</subfield>
    <subfield code="y">AR</subfield>
  </datafield>
</record>
